Artistas musicales Colombianos por imagen - Estadísticas

Estadísticas generales
  • Esta prueba ha sido intentada 43 veces
  • La puntuación promedio es 13 de 17
Estadísticas de respuestas
Imagen Respuesta % Correcto
Camilo
100%
Karol G
100%
Maluma
100%
Shakira
100%
J Balvin
98%
Feid/Ferxxo
95%
Sebastian Yatra
93%
Carlos Vives
90%
Juanes
86%
Manuel Turizo
86%
Beéle
79%
Blessd
62%
Greeicy
50%
Ryan Castro
50%
Andrés Cepeda
48%
Kali Uchis
45%
Yeison Jiménez
43%
No se encontraron pruebas coincidentes
Distribución de puntuación
Porcentaje de gente con cada puntuación
Porcentaje por número respondido
Historial de tus puntuaciones
No has intentado esta prueba.